| 000 | 00946nam a2200205 a 4500 | ||
|---|---|---|---|
| 001 | 000041721 | ||
| 005 | 20201002035722.0 | ||
| 008 | 131016s2003 sp 000 0 spa d | ||
| 020 | _a8400081919s | ||
| 040 |
_aDO-SdBNP _bspa _cBNPHU |
||
| 100 | 1 |
_aRodríguez de Ledesma, Mariano _968547 |
|
| 245 | 1 | 0 |
_aMariano Rodríguez de Ledesma : _bcolección de cuarenta ejercicios o estudios progresivos de vocalización Paris, 1828c / _ceditor Marc Heilbron Ferrer,. |
| 260 |
_aBarcelona : _bInstitución Milá y Fontanals, Departamento de Musicología, _c2003. |
||
| 300 |
_a47, 124 p. : ; _c28 cm. |
||
| 490 | 1 |
_aTextos universitarios / _v39 |
|
| 500 | _aEdición facsímil del ejemplar conservado en la Biblioteca del Real Conservatorio Superior de Música de Madrid (manuscrito 1/82) | ||
| 700 | 1 |
_aHeilbron Ferrer, Marc, _eed. _963971 |
|
| 710 | 2 |
_aReal Conservatorio Superior de Música (Madrid). _968548 |
|
| 830 | 0 |
_aTextos universitarios _v39 _91147 |
|
| 999 |
_c41210 _d41210 |
||